000 002660000a22000970004500
100 1 _aKinsler, F. Ross
245 1 0 _aRed de educación teológica diversificada
300 _aVol. 2, Num 8 (Diciembre, 1988), Páginas 81-84
773 0 _tVida y pensamiento
942 _cANA
999 _c52858
_d52858